Loading...
| Social Science | 0 | 3 | 0 | 0 | 30 | 68 | 88.33 | 0 | 1 |
| Science - Other Science | 0 | 3 | 1 | 0 | 25 | 84 | 103.00 | 0 | 3 |
| Science - Chemistry | 0 | 3 | 1 | 1 | 25 | 105 | 110.67 | 0 | 2 |
| Science - Physics | 0 | 3 | 1 | 0 | 25 | 89 | 94.67 | 0 | 0 |
| Philosophy | 0 | 2 | 0 | 2 | 20 | 122 | 122.00 | 0 | 1 |
| Fine Arts - Other Fine Arts | 0 | 2 | 0 | 0 | 20 | 108 | 129.00 | 0 | 2 |
| Literature - World Literature | 0 | 1 | 0 | 0 | 10 | 18 | 18.00 | 1 | 1 |
| Fine Arts - Classical Music | 0 | 1 | 0 | 1 | 10 | 132 | 132.00 | 0 | 0 |
| Religion | 0 | 1 | 0 | 0 | 10 | 75 | 75.00 | 0 | 1 |
| Science - Biology | 0 | 2 | 2 | 0 | 10 | 52 | 65.00 | 0 | 1 |
| History - American History | 0 | 1 | 0 | 1 | 10 | 133 | 133.00 | 0 | 0 |
| Fine Arts - Painting and Sculpture | 0 | 1 | 0 | 0 | 10 | 81 | 81.00 | 0 | 0 |
| History - World History | 0 | 0 | 2 | 0 | -10 | 0.00 | 0 | 0 | |
| History - European History | 0 | 0 | 4 | 0 | -20 | 0.00 | 0 | 0 |